01050cam a2200277 a 45000010005000000030008000050050017000130080039000300200015000690200021000840350018001050400032001230410008001550820024001631000051001872450086002382500012003242600031003363000024003675040042003916500037004338560131004709420012006019990015006139520144006284569BD-RjUL20211208233921.0131223s1970 enk b 001 0 eng a058244571X a0582445728 (pbk) a(BD-RjUL)4604 aDLCcDLCdm.cdBD-RjULbeng aeng a338.70942bALS 19701 aAllen, G. C.q(George Cyril),d1900-19829744014aThe structure of industry in Britain :ba study in economic change /cG. C. Allen a3rd ed. aHarlow :bLongmans,cc1970 aix, 271 p. ;c20 cm aBibliography: p. [257]-263 and index. 0aIndustrieszGreat Britain914423 uhttp://www.worldcat.org/title/structure-of-industry-in-britain-a-study-in-economic-change/oclc/257935490?referer=di&ht=edition 2ddccBK c4569d4569 00102ddc40718NFICaRUCLbRUCLcreadingd1973-07-12eBook centreg23.10l0o338.70942 ALS 1970r2013-12-23 00:00:00tC-1w2013-12-23yBK